Bundesliga Stadien - Statistiken

Allgemein
  • Dieses Quiz wurde 206 mal gespielt
  • Das Durchschnittsergebnis liegt bei 16 aus 18
Antwortstatistiken
Bildquiz Antwort % Korrekt
Borussia Dortmund
99%
Bayer 04 Leverkusen
97%
Bayern München
97%
RB Leipzig
95%
Eintracht Frankfurt
92%
FC Augsburg
92%
1. FSV Mainz 05
90%
SV Werder Bremen
88%
SC Freiburg
85%
TSG 1899 Hoffenheim
85%
VfB Stuttgart
85%
VfL Wolfsburg
85%
1. FC Union Berlin
82%
Holstein Kiel
81%
1. FC Heidenheim
79%
Borussia Mönchengladbach
78%
FC St. Pauli
77%
VfL Bochum
71%
Keine übereinstimmenden Quizze gefunden
Verteilung der Resultate
Anzahl Personen mit jedem Resultat
Perzentil nach korrekt beantworteten Fragen
Ihre Resultats-Entwicklung
Sie haben dieses Quiz noch nicht gespielt